[Event "Int. Stuttgarter Stadtmeisterschaft B"]
[Site "Ditzingen"]
[Date "2018.05.11"]
[Round "4.17"]
[White "Hoffmann, Marcel"]
[Black "Schnepel, Thomas"]
[Result "0-1"]
[WhiteElo "1673"]
[BlackElo "1845"]
[PlyCount "70"]
[EventDate "2018.??.??"]
[WhiteTeam "SC Ingersheim"]
[BlackTeam "SC Pforzheim"]

1. e4 c5 2. Nf3 Nc6 3. d4 cxd4 4. Nxd4 Nf6 5. f3 e6 6. Nxc6 bxc6 7. c4 Bc5 8.
Nc3 O-O 9. Bg5 h6 10. Bh4 Qb6 11. Qd2 Be3 12. Qc2 Rb8 13. b3 Qa5 14. Bf2 Bxf2+
15. Kxf2 Qc5+ 16. Ke1 d5 17. Bd3 Ba6 18. cxd5 Qe3+ 19. Be2 Bxe2 20. Nxe2 exd5
21. Qc3 Qg5 22. h4 Qg6 23. e5 Rfe8 24. Kf2 Nd7 25. h5 Qf5 26. f4 Nxe5 27. Rad1
Ng4+ 28. Ke1 Re3 29. Qxc6 Rbe8 30. Qb5 Rxe2+ 31. Qxe2 Rxe2+ 32. Kxe2 Qe4+ 33.
Kd2 Nf2 34. Rhe1 Qxf4+ 35. Kc2 Nxd1 0-1

[Event "Int. Stuttgarter Stadtmeisterschaft B"]
[Site "Ditzingen"]
[Date "2018.05.11"]
[Round "4.19"]
[White "Köller, Horst"]
[Black "Hahn, Martin"]
[Result "1/2-1/2"]
[WhiteElo "1718"]
[BlackElo "1767"]
[PlyCount "70"]
[EventDate "2018.??.??"]
[WhiteTeam "SK Bebenhausen"]
[BlackTeam "SF Oeffingen e.V."]

1. d4 b6 2. e4 Bb7 3. Bd3 Nf6 4. Nd2 e6 5. Ne2 c5 6. O-O cxd4 7. Nxd4 Nc6 8. c3
Bc5 9. N2f3 Qc7 10. h3 a5 11. Re1 Ng8 12. Nb3 Nge7 13. Nxc5 bxc5 14. Be3 d6 15.
Bb5 O-O 16. a4 Ng6 17. h4 Nce5 18. h5 Nxf3+ 19. Qxf3 Ne5 20. Qg3 Kh8 21. f4 Nd7
22. Bxd7 Qxd7 23. e5 d5 24. Bxc5 Rfc8 25. Bd4 Ba6 26. f5 Rab8 27. Qh4 Qd8 28.
f6 gxf6 29. exf6 Rxb2 30. Re3 Qd7 31. Rg3 Qe8 32. Rg7 Bd3 33. Re1 Rb1 34. Rxb1
Bxb1 35. Qg3 Qf8 1/2-1/2

[Event "Int. Stuttgarter Stadtmeisterschaft B"]
[Site "Ditzingen"]
[Date "2018.05.11"]
[Round "4.20"]
[White "Stockter, Jasper Enno"]
[Black "Mitschka, Manfred"]
[Result "1-0"]
[WhiteElo "1763"]
[BlackElo "1704"]
[PlyCount "72"]
[EventDate "2018.??.??"]
[WhiteTeam "SV Mattnetz Berlin"]
[BlackTeam "SK Neuburg"]

1. e4 c5 2. Nf3 Nc6 3. d4 cxd4 4. Nxd4 a6 5. Nc3 e6 6. Be3 Qc7 7. Be2 Bd6 8. h3
b5 9. Qd2 Bb7 10. Ndxb5 axb5 11. Nxb5 Qb8 12. Qxd6 Nge7 13. Qxb8+ Rxb8 14. Nd6+
Kf8 15. O-O Ba8 16. b3 Nb4 17. Rfc1 h5 18. Ba7 Rd8 19. Bb6 Re8 20. Nxe8 Kxe8
21. c3 Nbc6 22. f3 Ng6 23. Be3 Nce7 24. c4 f5 25. Bd3 f4 26. Bd4 Nh4 27. a3 Rh6
28. Bf2 Nhg6 29. b4 Ne5 30. Be2 Rg6 31. b5 Nf7 32. Rab1 Ng5 33. Kh2 Nxe4 34.
fxe4 Bxe4 35. Bf3 Bxb1 36. Rxb1 Nf5 1-0

[Event "Int. Stuttgarter Stadtmeisterschaft B"]
[Site "Ditzingen"]
[Date "2018.05.12"]
[Round "5.1"]
[White "Franz, Franz Theodor"]
[Black "Khamenya, Vitalia"]
[Result "0-1"]
[WhiteElo "1349"]
[BlackElo "1789"]
[PlyCount "40"]
[EventDate "2018.??.??"]
[WhiteTeam "SV Mattnetz Berlin"]
[BlackTeam "SK Gräfelfing"]

1. e4 c5 2. Nf3 d6 3. d4 cxd4 4. Nxd4 Nf6 5. Nc3 g6 6. Be3 Bg7 7. f3 a6 8. Qd2
b5 9. g4 Bb7 10. h4 h5 11. g5 Nfd7 12. O-O-O Nb6 13. Qf2 N8d7 14. Bg2 Nc4 15.
Rhe1 Rc8 16. Nb1 Qa5 17. a3 Nc5 18. Bd2 Nb3+ 19. cxb3 Nxd2+ 20. Nc2 Nxb3# 0-1

[Event "Int. Stuttgarter Stadtmeisterschaft B"]
[Site "Ditzingen"]
[Date "2018.05.12"]
[Round "5.2"]
[White "Jantos, Stefan"]
[Black "Hannemann, Manfred"]
[Result "1-0"]
[WhiteElo "1831"]
[BlackElo "1734"]
[PlyCount "73"]
[EventDate "2018.??.??"]
[WhiteTeam "SF Oeffingen"]
[BlackTeam "SK Neustadt"]

1. e4 c6 2. Bc4 d5 3. Bb3 dxe4 4. Qh5 e6 5. Nc3 Nf6 6. Qh4 Nbd7 7. Nxe4 Nxe4 8.
Qxe4 Nf6 9. Qe2 a5 10. c3 a4 11. Bc2 a3 12. Nf3 axb2 13. Bxb2 Ba3 14. Bxa3 Rxa3
15. O-O O-O 16. Rfb1 b5 17. Ne5 Qc7 18. Rb4 c5 19. Rh4 g6 20. Qe3 Rd8 21. Qg5
Rd5 22. Re1 Rxa2 23. Bd3 Nd7 24. Bxg6 hxg6 25. Qh6 Qxe5 26. Kf1 Qg7 27. Qf4
Rdxd2 28. Qc7 Rxf2+ 29. Kg1 Rxg2+ 30. Kh1 Qf8 31. Rd1 Rgd2 32. Rg1 c4 33. Rf1
Rf2 34. Rd1 Rad2 35. Rg1 Nc5 36. Rxg6+ Qg7 37. Qxc8+ 1-0

[Event "Int. Stuttgarter Stadtmeisterschaft B"]
[Site "Ditzingen"]
[Date "2018.05.12"]
[Round "5.3"]
[White "Pranjic, Daniel"]
[Black "Bitzenauer, Sebastian"]
[Result "0-1"]
[WhiteElo "1782"]
[BlackElo "1880"]
[PlyCount "52"]
[EventDate "2018.??.??"]
[WhiteTeam "SG Ludwigsburg"]
[BlackTeam "SV Altbach"]

1. e4 e5 2. Nf3 Nc6 3. Bb5 Bc5 4. c3 Nf6 5. d3 O-O 6. Bxc6 dxc6 7. Nxe5 Re8 8.
Nf3 Bg4 9. O-O h6 10. Re1 Qd7 11. d4 Bf8 12. Qd3 Rad8 13. Nbd2 c5 14. d5 b5 15.
c4 bxc4 16. Qxc4 c6 17. dxc6 Qxc6 18. e5 Nd7 19. Qxg4 Qd5 20. Nc4 f5 21. exf6
Nxf6 22. Qf4 Rxe1+ 23. Nxe1 Qd1 24. Kf1 Rd4 25. Qe5 Re4 26. Qc3 Qe2+ 0-1

[Event "Int. Stuttgarter Stadtmeisterschaft B"]
[Site "Ditzingen"]
[Date "2018.05.12"]
[Round "5.4"]
[White "Dallinger, Moritz"]
[Black "Grünert, Thomas"]
[Result "1-0"]
[WhiteElo "1570"]
[BlackElo "1743"]
[PlyCount "97"]
[EventDate "2018.??.??"]
[WhiteTeam "SV Stuttgart-Wolfbusch"]
[BlackTeam "SF Illingen"]

1. a3 d5 2. Nf3 Nf6 3. e3 c5 4. Ne5 a6 5. b4 Nbd7 6. Bb2 Nxe5 7. Bxe5 e6 8. c4
dxc4 9. bxc5 Bxc5 10. Bxc4 O-O 11. Qf3 Ne8 12. O-O Bd6 13. Bg3 Rb8 14. d4 b5
15. Bd3 Bb7 16. Qh5 f5 17. Nd2 Nf6 18. Qe2 Nd5 19. Nb3 Rc8 20. Bxd6 Qxd6 21.
Nc5 Rc7 22. Rfc1 Rb8 23. g4 Bc8 24. Qf3 g6 25. gxf5 exf5 26. Bc2 Kh8 27. Bb3
Nf6 28. Rc2 a5 29. Qg3 Qxg3+ 30. hxg3 a4 31. Ba2 Ne4 32. Rac1 b4 33. Nxa4 Rxc2
34. Rxc2 b3 35. Bxb3 Bd7 36. Rc7 Rxb3 37. Rxd7 Rxa3 38. Nc5 Ra1+ 39. Kg2 Nd2
40. Ne6 h5 41. Nf4 g5 42. Nxh5 Ne4 43. Rf7 Ra5 44. Nf6 Nxf6 45. Rxf6 Kg7 46.
Rc6 Rd5 47. Rc5 Rxc5 48. dxc5 Kf7 49. Kf3 1-0

[Event "Int. Stuttgarter Stadtmeisterschaft B"]
[Site "Ditzingen"]
[Date "2018.05.12"]
[Round "5.5"]
[White "Unger, Franz"]
[Black "Stockter, Jasper Enno"]
[Result "1-0"]
[WhiteElo "1978"]
[BlackElo "1763"]
[PlyCount "122"]
[EventDate "2018.??.??"]
[WhiteTeam "SK Sachsenheim"]
[BlackTeam "SV Mattnetz Berlin"]

1. e4 e6 2. d4 d5 3. Nc3 Nf6 4. e5 Nfd7 5. f4 a6 6. Nf3 c5 7. Be3 Nc6 8. Qd2 b5
9. Ne2 Qb6 10. c3 Bb7 11. g3 Rc8 12. Bg2 cxd4 13. cxd4 Bb4 14. Nc3 Na5 15. Rc1
Nc4 16. Qf2 Qa5 17. O-O Nxe3 18. Qxe3 Bxc3 19. Rxc3 Qxa2 20. Rxc8+ Bxc8 21. Rc1
O-O 22. Qd2 Nb6 23. Qc3 Qc4 24. Qd2 Qa4 25. Bf1 Nc4 26. Qc3 Qa5 27. Qc2 Qd8 28.
Bd3 h6 29. b3 Na5 30. Qc3 Bb7 31. Bb1 Nc6 32. Nh4 g6 33. Qd3 Ne7 34. g4 Bc8 35.
Kh1 Nf5 36. gxf5 Qxh4 37. fxg6 f5 38. exf6 Qxf6 39. Qe3 Qxf4 40. Qxf4 Rxf4 41.
Rxc8+ Kg7 42. Rc7+ Kg8 43. Kg2 Rxd4 44. Kf3 e5 45. Re7 e4+ 46. Kg4 Rd2 47. Rc7
Rxh2 48. Kf5 Rf2+ 49. Ke5 Rg2 50. Kxd5 Rxg6 51. Bxe4 Rg3 52. Kd4 a5 53. Rc5 a4
54. b4 Rg5 55. Bd5+ Kg7 56. Rxb5 a3 57. Ra5 Rg3 58. b5 h5 59. b6 Kh6 60. b7
Rg4+ 61. Kc5 Rg3 1-0

[Event "Int. Stuttgarter Stadtmeisterschaft B"]
[Site "Ditzingen"]
[Date "2018.05.12"]
[Round "5.6"]
[White "Schnepel, Thomas"]
[Black "Oliva, Jan"]
[Result "0-1"]
[WhiteElo "1845"]
[BlackElo "1841"]
[PlyCount "73"]
[EventDate "2018.??.??"]
[WhiteTeam "SC Pforzheim"]

1. e4 c5 2. Nf3 e6 3. d4 cxd4 4. Nxd4 a6 5. Nc3 Qc7 6. Bd3 Nf6 7. O-O Be7 8.
Be3 d6 9. a4 b6 10. f4 Nbd7 11. Qf3 Bb7 12. Rae1 O-O 13. Qg3 Rfe8 14. Nf3 Nc5
15. Bd4 d5 16. exd5 exd5 17. Bf5 Nce4 18. Nxe4 dxe4 19. Ng5 Bc5 20. c3 Rad8 21.
Rd1 e3 22. Rfe1 e2 23. Rd3 Bxd4+ 24. cxd4 Qc4 25. Nf3 Qxa4 26. b3 Qb4 27. Ne5
Be4 28. Bxe4 Nxe4 29. Nc6 Qd6 30. Nxd8 Nxg3 31. Nxf7 Kxf7 32. hxg3 Re4 33. Kf2
Rxd4 34. Rxd4 Qxd4+ 35. Kxe2 Qb2+ 36. Kf3 Qxb3+ 37. Kg4 0-1

[Event "Int. Stuttgarter Stadtmeisterschaft B"]
[Site "Ditzingen"]
[Date "2018.05.12"]
[Round "5.7"]
[White "Schwarz, Felix"]
[Black "Lang, Thomas"]
[Result "1/2-1/2"]
[WhiteElo "1831"]
[BlackElo "1796"]
[PlyCount "24"]
[EventDate "2018.??.??"]
[WhiteTeam "SVG Vaihingen/Enz"]
[BlackTeam "SG Schwäbisch Gmünd"]

1. d4 Nf6 2. c4 g6 3. Nc3 Bg7 4. e4 d6 5. f4 O-O 6. Nf3 c6 7. Bd3 Qc7 8. O-O
Ne8 9. e5 e6 10. b3 f6 11. Ba3 fxe5 12. fxe5 Rf7 1/2-1/2

[Event "Int. Stuttgarter Stadtmeisterschaft B"]
[Site "Ditzingen"]
[Date "2018.05.12"]
[Round "5.8"]
[White "Wibel, Stefan"]
[Black "Radek, Dieter"]
[Result "0-1"]
[WhiteElo "1796"]
[BlackElo "1878"]
[PlyCount "56"]
[EventDate "2018.??.??"]
[WhiteTeam "SF Bad Grönenbach"]
[BlackTeam "SV Reutlingen"]

1. d4 Nf6 2. Nf3 e6 3. e3 c5 4. Bd3 d5 5. b3 Nc6 6. a3 Be7 7. Bb2 O-O 8. O-O
Qc7 9. Ne5 cxd4 10. exd4 Nd7 11. f4 f5 12. Nd2 Qb6 13. c3 Ndxe5 14. fxe5 Nxe5
15. Bc2 Ng4 16. Qe2 Bd6 17. h3 Nf6 18. g4 g6 19. Rf2 Bd7 20. Raf1 Rae8 21. Qe3
Qd8 22. gxf5 exf5 23. Qh6 Qe7 24. Rg2 Ne4 25. Nxe4 fxe4 26. Rxg6+ hxg6 27.
Rxf8+ Rxf8 28. c4 Rf6 0-1

[Event "Int. Stuttgarter Stadtmeisterschaft B"]
[Site "Ditzingen"]
[Date "2018.05.12"]
[Round "5.9"]
[White "Shahisavandi, Abdollah"]
[Black "Schäfer, Daniel"]
[Result "1-0"]
[WhiteElo "1813"]
[BlackElo "1739"]
[PlyCount "99"]
[EventDate "2018.??.??"]
[WhiteTeam "Karlsruher SF"]
[BlackTeam "Heilbronner SV"]

1. e4 e6 2. d4 d5 3. Nd2 dxe4 4. Nxe4 Nd7 5. Nf3 Ngf6 6. Ng3 Be7 7. Bd3 O-O 8.
O-O b6 9. Bf4 Bb7 10. Qe2 c5 11. dxc5 Nxc5 12. Bc4 Nd5 13. Be5 f6 14. Bd4 e5
15. Bxc5 Bxc5 16. Rad1 Kh8 17. Qe4 Nc3 18. Qxb7 Nxd1 19. Nf5 Be7 20. Qxe7 Qxe7
21. Nxe7 Nxb2 22. Bb3 Rfd8 23. Bd5 Rab8 24. Nc6 Rxd5 25. Nxb8 Rc5 26. Ne1 Ra5
27. Nd3 Nxd3 28. cxd3 Rxa2 29. Rc1 h5 30. Kf1 a5 31. Rb1 Rd2 32. Rxb6 Rxd3 33.
Ra6 Rd1+ 34. Ke2 Ra1 35. g3 h4 36. Nc6 hxg3 37. hxg3 a4 38. Nb4 Kh7 39. Kd2 Rf1
40. Ke2 Rc1 41. Rxa4 Rc4 42. Kd3 Rd4+ 43. Kc3 Rg4 44. Ra1 f5 45. Nd5 f4 46.
Rh1+ Kg6 47. Rh3 Kf5 48. Kd3 g5 49. Rh6 e4+ 50. Kd4 1-0

[Event "Int. Stuttgarter Stadtmeisterschaft B"]
[Site "Ditzingen"]
[Date "2018.05.12"]
[Round "5.10"]
[White "Muratovic, Hajrudin"]
[Black "Liu, Sijia Anna"]
[Result "1-0"]
[WhiteElo "1858"]
[BlackElo "1761"]
[PlyCount "73"]
[EventDate "2018.??.??"]
[WhiteTeam "SC Schachmatt Botnang"]
[BlackTeam "SV Stuttgart-Wolfbusch"]

1. d4 Nf6 2. c4 g6 3. Nc3 Bg7 4. e4 d6 5. h3 O-O 6. Nf3 e5 7. dxe5 dxe5 8. Bg5
c6 9. Qxd8 Rxd8 10. Nxe5 Re8 11. f4 Nxe4 12. Nxe4 Bxe5 13. fxe5 Rxe5 14. O-O-O
Rxe4 15. Rd8+ Kg7 16. Rxc8 Re1+ 17. Kd2 Ra1 18. a3 Rb1 19. Kc2 Re1 20. Bf4 g5
21. Bxg5 c5 22. Bf4 a5 23. Rxb8 Ra6 24. Bd2 Re7 25. Bc3+ f6 26. Bd3 a4 27. Rf1
Rd6 28. g4 h6 29. h4 Red7 30. Bf5 Re7 31. g5 Re2+ 32. Kb1 hxg5 33. hxg5 Kf7 34.
Rxb7+ Re7 35. g6+ Kf8 36. Rb8+ Re8 37. g7+ 1-0

[Event "Int. Stuttgarter Stadtmeisterschaft B"]
[Site "Ditzingen"]
[Date "2018.05.12"]
[Round "5.11"]
[White "Wallinger, Lukas"]
[Black "Sami, Sami"]
[Result "1-0"]
[WhiteElo "1677"]
[BlackElo "1827"]
[PlyCount "59"]
[EventDate "2018.??.??"]
[WhiteTeam "SV Unterkochen"]
[BlackTeam "VfL Sindelfingen"]

1. e4 c5 2. c3 g6 3. d4 cxd4 4. cxd4 d6 5. Nf3 Bg7 6. Nc3 Nc6 7. Be3 Nf6 8. Be2
O-O 9. O-O e5 10. d5 Ne7 11. Rc1 Ng4 12. Bg5 f5 13. exf5 gxf5 14. Nb5 Bf6 15.
Qd2 f4 16. Qb4 Nf5 17. Bxf6 Rxf6 18. Ng5 Rg6 19. Ne6 Qh4 20. Bxg4 Qxg4 21. Qe4
Nh4 22. Kh1 Qh5 23. Rc3 Rxg2 24. Rh3 Rxf2 25. Rg1+ Kh8 26. Nxd6 Bxe6 27. dxe6
Rf8 28. Nf7+ Rxf7 29. exf7 Qxf7 30. Qxe5+ 1-0

[Event "Int. Stuttgarter Stadtmeisterschaft B"]
[Site "Ditzingen"]
[Date "2018.05.12"]
[Round "5.12"]
[White "Eberhard, Michael"]
[Black "Rautenberg, Uwe"]
[Result "1/2-1/2"]
[WhiteElo "1702"]
[BlackElo "1909"]
[PlyCount "63"]
[EventDate "2018.??.??"]
[WhiteTeam "Heilbronner SV"]
[BlackTeam "SC Ingersheim e.V."]

1. d4 d6 2. c4 Nf6 3. Nc3 Nbd7 4. Bf4 e5 5. Bg5 Be7 6. e3 c6 7. Qb3 Qb6 8. Qxb6
axb6 9. Nf3 h6 10. Bxf6 Bxf6 11. Ne4 Be7 12. Be2 f5 13. Nc3 e4 14. Nd2 Nf6 15.
O-O Be6 16. f3 d5 17. cxd5 cxd5 18. Nb5 Rc8 19. Rac1 Kd7 20. Nb3 Rxc1 21. Rxc1
Rc8 22. Rxc8 Kxc8 23. a3 Ne8 24. Kf2 Kd7 25. Nd2 Nd6 26. Nc3 Bf7 27. Nb5 Nxb5
28. Bxb5+ Ke6 29. fxe4 fxe4 30. Be2 Kd6 31. Nb1 Be8 32. Nc3 1/2-1/2

[Event "Int. Stuttgarter Stadtmeisterschaft B"]
[Site "Ditzingen"]
[Date "2018.05.12"]
[Round "5.14"]
[White "Michna, Marcus"]
[Black "Winkler, Tim"]
[Result "0-1"]
[WhiteElo "1749"]
[BlackElo "1903"]
[PlyCount "72"]
[EventDate "2018.??.??"]
[WhiteTeam "TSF Ditzingen"]
[BlackTeam "SF Deizisau"]

1. d4 d6 2. f3 g6 3. e4 Bg7 4. Be3 a6 5. Nc3 Nd7 6. Nh3 b5 7. Qd2 Bb7 8. Be2 c5
9. O-O Rc8 10. d5 c4 11. f4 Ngf6 12. Bf3 Qc7 13. Bd4 O-O 14. Qe2 e6 15. dxe6
fxe6 16. e5 Nd5 17. Nxd5 Bxd5 18. Bxd5 exd5 19. Ng5 Rce8 20. Qd2 dxe5 21. Bxe5
Nxe5 22. fxe5 Rxf1+ 23. Rxf1 Qxe5 24. Rd1 d4 25. Nf3 Qe3+ 26. Kh1 h6 27. h3
Qxd2 28. Rxd2 Rd8 29. Kg1 Kf7 30. Kf1 Rd6 31. Rf2 Bf6 32. Ne5+ Kg7 33. Nf3 d3
34. cxd3 Rxd3 35. Ne1 Rd1 36. a4 Bh4 0-1

[Event "Int. Stuttgarter Stadtmeisterschaft B"]
[Site "Ditzingen"]
[Date "2018.05.12"]
[Round "5.15"]
[White "Kaufhold, Stephan"]
[Black "Jäger, Hans-Ulrich"]
[Result "0-1"]
[WhiteElo "1857"]
[BlackElo "1800"]
[PlyCount "64"]
[EventDate "2018.??.??"]
[WhiteTeam "SC Böblingen"]
[BlackTeam "SC Sillenbuch"]

1. d4 d5 2. e4 dxe4 3. Nc3 Nf6 4. f3 exf3 5. Nxf3 Bf5 6. Bc4 e6 7. O-O Bb4 8.
Bg5 c6 9. Ne5 O-O 10. a3 Be7 11. Qd2 Nbd7 12. Rad1 Nxe5 13. dxe5 Ng4 14. Qxd8
Bxd8 15. Rxf5 Bb6+ 16. Kf1 exf5 17. e6 Nxh2+ 18. Ke2 fxe6 19. Bxe6+ Kh8 20. Rd7
Rfe8 21. Be7 Bd8 22. Bxd8 Rxe6+ 23. Kd2 h6 24. Ne2 Re8 25. Be7 Ng4 26. Rxb7 Ne5
27. Nd4 f4 28. Ne6 Ng6 29. Nxf4 Nxf4 30. g3 Nd5 31. Bc5 Rad8 32. Rxa7 Nc7+ 0-1

[Event "Int. Stuttgarter Stadtmeisterschaft B"]
[Site "Ditzingen"]
[Date "2018.05.12"]
[Round "5.16"]
[White "Schmitz, Tim"]
[Black "Kobald, Matthias"]
[Result "1/2-1/2"]
[WhiteElo "1849"]
[BlackElo "1705"]
[PlyCount "77"]
[EventDate "2018.??.??"]
[WhiteTeam "SC Sendling"]
[BlackTeam "SV Stuttgart-Wolfbusch"]

1. e4 c5 2. Nf3 a6 3. c3 d5 4. exd5 Qxd5 5. d4 e6 6. Be3 cxd4 7. cxd4 Nf6 8.
Nc3 Bb4 9. Bd3 O-O 10. O-O Qd6 11. Qe2 Nc6 12. Rfd1 Rd8 13. Bg5 Bxc3 14. bxc3
b5 15. Ne5 Bb7 16. Bxf6 gxf6 17. Bxh7+ Kf8 18. Ng4 Ke7 19. d5 Ne5 20. Nxe5 fxe5
21. dxe6 Qxe6 22. Be4 Bxe4 23. Qxe4 Rac8 24. Qh4+ f6 25. Qh7+ Ke8 26. Qg6+ Ke7
27. Qg7+ Ke8 28. Qg6+ Ke7 29. Rxd8 Rxd8 30. Qc2 Qd5 31. Rc1 Rg8 32. g3 Rd8 33.
Qh7+ Ke8 34. Qg6+ Ke7 35. Qc2 Qf3 36. Qg6 Rd1+ 37. Rxd1 Qxd1+ 38. Kg2 Qd5+ 39.
Kf1 1/2-1/2

[Event "Int. Stuttgarter Stadtmeisterschaft B"]
[Site "Ditzingen"]
[Date "2018.05.12"]
[Round "5.17"]
[White "Rühl, Volker"]
[Black "Köller, Horst"]
[Result "1-0"]
[WhiteElo "1801"]
[BlackElo "1718"]
[PlyCount "81"]
[EventDate "2018.??.??"]
[WhiteTeam "VfL Sindelfingen"]
[BlackTeam "SK Bebenhausen"]

1. f4 e5 2. fxe5 d6 3. exd6 Bxd6 4. Nf3 Bg4 5. e4 Nf6 6. Nc3 Qe7 7. d3 Nbd7 8.
Bg5 O-O-O 9. Qd2 c6 10. Be2 h6 11. Be3 Nb6 12. Qc1 g5 13. a4 Bxf3 14. gxf3 Bb8
15. Kf2 Rhg8 16. Qf1 g4 17. fxg4 Nxg4+ 18. Bxg4+ Rxg4 19. Qh3 Qh4+ 20. Qxh4
Rxh4 21. Rag1 Be5 22. a5 Na8 23. h3 b6 24. axb6 axb6 25. Rg4 Rh5 26. Kg2 Kb7
27. Rf1 Rd7 28. Rf5 Rxf5 29. exf5 h5 30. Rh4 Nc7 31. Rxh5 Nd5 32. Nxd5 Rxd5 33.
b3 f6 34. Kf3 Bc3 35. Bf4 Ra5 36. h4 Ra2 37. Rh8 Rxc2 38. h5 Rb2 39. h6 Rb1 40.
h7 Rh1 41. Rb8+ 1-0

[Event "Int. Stuttgarter Stadtmeisterschaft B"]
[Site "Ditzingen"]
[Date "2018.05.12"]
[Round "5.18"]
[White "Fechner, Andreas"]
[Black "Lerner, Jürgen"]
[Result "1/2-1/2"]
[WhiteElo "1727"]
[BlackElo "1872"]
[PlyCount "31"]
[EventDate "2018.??.??"]
[WhiteTeam "SC Magstadt"]
[BlackTeam "SC Ãœberlingen"]

1. d4 d5 2. c4 e6 3. Nf3 Nf6 4. Bg5 c6 5. Nc3 Nbd7 6. e3 Qa5 7. Qa4 Qxa4 8.
Nxa4 Bb4+ 9. Nc3 Ne4 10. Rc1 Nxg5 11. Nxg5 O-O 12. a3 Be7 13. Nf3 Nf6 14. Bd3
dxc4 15. Bxc4 Nd5 16. O-O 1/2-1/2

[Event "Int. Stuttgarter Stadtmeisterschaft B"]
[Site "Ditzingen"]
[Date "2018.05.12"]
[Round "5.19"]
[White "Hahn, Martin"]
[Black "Rashba, David"]
[Result "1/2-1/2"]
[WhiteElo "1767"]
[BlackElo "1699"]
[PlyCount "97"]
[EventDate "2018.??.??"]
[WhiteTeam "SF Oeffingen e.V."]
[BlackTeam "SC Sillenbuch"]

1. Nf3 d5 2. b3 c6 3. Bb2 Bg4 4. e3 e6 5. c4 Nf6 6. Be2 Nbd7 7. O-O Be7 8. d3
O-O 9. h3 Bh5 10. Nbd2 h6 11. a3 Qb6 12. Rc1 dxc4 13. Nxc4 Qc7 14. b4 Nb6 15.
Be5 Qd8 16. Na5 Qd7 17. Qb3 Bg6 18. Rfd1 Bh7 19. e4 Ne8 20. Bd4 Bf6 21. Bc5 Be7
22. Ne5 Qc7 23. f4 Bxc5+ 24. bxc5 Nd7 25. Qxb7 Qxb7 26. Nxb7 Nxe5 27. fxe5 Rb8
28. Rb1 Nc7 29. Na5 Rb5 30. Rxb5 cxb5 31. c6 Rd8 32. Nb3 Bg6 33. Kf2 Rb8 34.
Rc1 f5 35. exf5 Bxf5 36. d4 Be4 37. Bf3 Bxf3 38. gxf3 Rf8 39. Ke2 Rf4 40. Rd1
Rh4 41. Nc5 Rxh3 42. Nxe6 Rh2+ 43. Ke3 Nxe6 44. d5 Rc2 45. f4 Nd8 46. Rd2 Rc3+
47. Rd3 Rc2 48. Rd2 Rc3+ 49. Rd3 1/2-1/2

[Event "Int. Stuttgarter Stadtmeisterschaft B"]
[Site "Ditzingen"]
[Date "2018.05.12"]
[Round "5.20"]
[White "Köller, Bernd"]
[Black "Ziegler, Michael"]
[Result "0-1"]
[WhiteElo "1736"]
[BlackElo "1663"]
[PlyCount "66"]
[EventDate "2018.??.??"]
[WhiteTeam "SK Bebenhausen"]
[BlackTeam "SF Kornwestheim"]

1. e4 c5 2. Bc4 e6 3. Qe2 Be7 4. Nc3 Nc6 5. Nf3 a6 6. a4 Nb4 7. d3 d5 8. Bb3
dxe4 9. Nxe4 Nf6 10. Ng3 O-O 11. O-O Qd6 12. Ne5 Nc6 13. Bf4 Nxe5 14. Bxe5 Qc6
15. Rae1 b5 16. axb5 axb5 17. Nh5 Nxh5 18. Qxh5 f6 19. Bf4 c4 20. dxc4 bxc4 21.
Re3 Bb7 22. Rg3 Rf7 23. Bxc4 Qxc4 24. Be3 Qxc2 25. Rh3 Qg6 26. Qxg6 hxg6 27. f4
Be4 28. Bd4 Rd8 29. Bc3 Bc5+ 30. Kh1 Rfd7 31. Rhf3 Rd1 32. Be1 Bxf3 33. gxf3
Bb4 0-1

[Event "Int. Stuttgarter Stadtmeisterschaft B"]
[Site "Ditzingen"]
[Date "2018.05.12"]
[Round "6.1"]
[White "Khamenya, Vitalia"]
[Black "Dallinger, Moritz"]
[Result "1/2-1/2"]
[WhiteElo "1789"]
[BlackElo "1570"]
[PlyCount "33"]
[EventDate "2018.??.??"]
[WhiteTeam "SK Gräfelfing"]
[BlackTeam "SV Stuttgart-Wolfbusch"]

1. e4 c5 2. d4 cxd4 3. c3 Nf6 4. e5 Nd5 5. Qxd4 e6 6. Nf3 d6 7. exd6 Nc6 8. Bb5
Qxd6 9. Nbd2 Bd7 10. Nc4 Nxd4 11. Nxd6+ Bxd6 12. Bxd7+ Kxd7 13. Nxd4 Rhd8 14.
O-O Ke7 15. Re1 Bf4 16. Bxf4 Nxf4 17. Rad1 1/2-1/2

[Event "Int. Stuttgarter Stadtmeisterschaft B"]
[Site "Ditzingen"]
[Date "2018.05.12"]
[Round "6.2"]
[White "Bitzenauer, Sebastian"]
[Black "Jantos, Stefan"]
[Result "0-1"]
[WhiteElo "1880"]
[BlackElo "1831"]
[PlyCount "41"]
[EventDate "2018.??.??"]
[WhiteTeam "SV Altbach"]
[BlackTeam "SF Oeffingen"]

1. e4 d5 2. Nc3 dxe4 3. Nxe4 Nc6 4. Nf3 Nf6 5. Qe2 Bg4 6. c3 Qd5 7. Nxf6+ gxf6
8. d4 O-O-O 9. Qc4 Bxf3 10. gxf3 Qxf3 11. Rg1 Qh5 12. Be3 Bh6 13. Be2 Qxh2 14.
O-O-O Bxe3+ 15. fxe3 Qf2 16. Kd2 Ne5 17. Qb3 Nf3+ 18. Kc1 Qxe3+ 19. Kb1 Nxg1
20. Bg4+ e6 21. Bf3 0-1

[Event "Int. Stuttgarter Stadtmeisterschaft B"]
[Site "Ditzingen"]
[Date "2018.05.12"]
[Round "6.3"]
[White "Muratovic, Hajrudin"]
[Black "Unger, Franz"]
[Result "0-1"]
[WhiteElo "1858"]
[BlackElo "1978"]
[PlyCount "82"]
[EventDate "2018.??.??"]
[WhiteTeam "SC Schachmatt Botnang"]
[BlackTeam "SK Sachsenheim"]

1. d4 Nf6 2. c4 e6 3. a3 d5 4. Nc3 c5 5. dxc5 Bxc5 6. e3 O-O 7. b4 Be7 8. Bb2
b6 9. Nf3 Bb7 10. cxd5 Nxd5 11. Nb5 Nc6 12. Be2 a5 13. bxa5 Rxa5 14. O-O Na7
15. Nbd4 Nc6 16. Qb3 Bc5 17. Rfd1 Qe7 18. Nf5 exf5 19. Rxd5 Bc8 20. Qc3 f6 21.
Bc4 Be6 22. Rxf5 Kh8 23. Bxe6 Qxe6 24. Rf4 Qd7 25. h4 h5 26. Qc2 Bd6 27. Rd1
Qc7 28. Rfd4 Nxd4 29. Qxc7 Nxf3+ 30. gxf3 Bxc7 31. Bc3 Rd8 32. Rxd8+ Bxd8 33.
Bxa5 bxa5 34. a4 f5 35. e4 f4 36. Kf1 Bxh4 37. Ke2 Bf6 38. Kd3 h4 39. Ke2 Kh7
40. Kf1 Kh6 41. Kg2 Kh5 0-1

[Event "Int. Stuttgarter Stadtmeisterschaft B"]
[Site "Ditzingen"]
[Date "2018.05.12"]
[Round "6.4"]
[White "Oliva, Jan"]
[Black "Shahisavandi, Abdollah"]
[Result "1-0"]
[WhiteElo "1841"]
[BlackElo "1813"]
[PlyCount "69"]
[EventDate "2018.??.??"]
[BlackTeam "Karlsruher SF"]

1. c4 Nf6 2. Nc3 g6 3. g3 Bg7 4. Bg2 c6 5. e4 e5 6. d3 d6 7. Nge2 Be6 8. O-O
O-O 9. h3 Na6 10. Be3 Nc7 11. f4 Qd7 12. Kh2 Nh5 13. g4 exf4 14. Nxf4 Nxf4 15.
Bxf4 Be5 16. Qd2 Rad8 17. Kh1 Bxf4 18. Rxf4 d5 19. cxd5 cxd5 20. e5 Qe7 21. Rf6
d4 22. Ne4 Nd5 23. Qh6 Rfe8 24. Raf1 Qf8 25. Qh4 Qg7 26. Nd6 Re7 27. Nxf7 g5
28. Nxg5 Nxf6 29. exf6 Qf8 30. fxe7 Qxe7 31. Re1 Rc8 32. Rxe6 Rc1+ 33. Kh2 Qc7+
34. Qg3 Qc2 35. Qb8+ 1-0

[Event "Int. Stuttgarter Stadtmeisterschaft B"]
[Site "Ditzingen"]
[Date "2018.05.12"]
[Round "6.5"]
[White "Radek, Dieter"]
[Black "Franz, Franz Theodor"]
[Result "1/2-1/2"]
[WhiteElo "1878"]
[BlackElo "1349"]
[PlyCount "42"]
[EventDate "2018.??.??"]
[WhiteTeam "SV Reutlingen"]
[BlackTeam "SV Mattnetz Berlin"]

1. e4 e5 2. Nf3 Nc6 3. Bc4 Nf6 4. d3 Be7 5. c3 d6 6. O-O O-O 7. Re1 Be6 8. Bb5
a6 9. Ba4 b5 10. Bc2 Re8 11. Nbd2 Nd7 12. Nf1 Nb6 13. Ng3 Qd7 14. Qe2 h6 15.
Be3 Na4 16. Bxa4 bxa4 17. d4 exd4 18. Nxd4 Nxd4 19. cxd4 d5 20. Qd2 Qb5 21. a3
Rab8 1/2-1/2

[Event "Int. Stuttgarter Stadtmeisterschaft B"]
[Site "Ditzingen"]
[Date "2018.05.12"]
[Round "6.6"]
[White "Rautenberg, Uwe"]
[Black "Wallinger, Lukas"]
[Result "1/2-1/2"]
[WhiteElo "1909"]
[BlackElo "1677"]
[PlyCount "44"]
[EventDate "2018.??.??"]
[WhiteTeam "SC Ingersheim e.V."]
[BlackTeam "SV Unterkochen"]

1. d4 f5 2. Bf4 Nf6 3. e3 e6 4. c3 Be7 5. h3 b6 6. Be2 Bb7 7. Nf3 O-O 8. Nbd2
Nc6 9. Qc2 a5 10. a4 Nd5 11. Bh2 Ba6 12. Nc4 b5 13. Nce5 Nxe5 14. Nxe5 bxa4 15.
Bxa6 Rxa6 16. Qxa4 c6 17. Nd3 Qb6 18. O-O Rfa8 19. Qc2 a4 20. Rab1 Qa5 21. Ra1
Qb6 22. Rab1 Qa5 1/2-1/2